British History Quiz #8 (Victorians) - Statistics

General Stats
  • This quiz has been taken 238 times
  • The average score is 8 of 15
Answer Stats
Hint Answer % Correct
What is the first name of Queen Victoria's Husband Albert
97%
Which modern day country was queen Victoria the empress of India
92%
Which political party was founded in the year 1900 Labour party
75%
Which palace was built for the great exhibition of 1851 Crystal Palace
73%
The introduction of what grey coloured invasive species outcompeted the red native population as well as bringing over a fatal disease that wiped out much of the native population Grey squirrel
73%
Which prime minister introduced the metropolitan police giving his name to a nickname of the force Robert Peel
58%
Which ship did Charles Darwin sail to the Galapagos islands in HMS Beagle
57%
What is the name of the first stamp Penny Black
46%
Which British prime minister had the most non consecutive terms in office William Ewart Gladstone
46%
What is the full name of the royal house the above belong to Saxe-Coburg and Gotha
44%
Which sports tournament was first held in 1871 Fa cup
42%
The siege of which city in the Crimean war included battles such as Alma and Balaklava Sevastopol
33%
Which event in London in 1858 lead to the improvement of the London sewage system the great stink
29%
Who found out that the broad street water pump was the source of a cholera epidemic John Snow
28%
Which company made the first chocolate easter egg J. S. Fry & Sons
19%
No matching quizzes found
Score Distribution
Percent of People with Each Score
Percentile by Number Answered
Your Score History
You have not taken this quiz